000 00360nam a2200157Ia 4500
003 IT-RoPAU
008 120407s9999 xx 000 0 und d
040 _aIT-RoPAU
040 _cIT-RoPAU
100 _aLorenzo Bedeschi
245 _aInterpretazioni e sviluppo del Modernismo cattolico
260 _aBompiani
300 _c cm
490 _v1
942 _cBK
999 _c1342
_d1342